Score 0/30 Timer 05:00
9 Plays Today
Category Answer % Correct
Coffee BrandsStarbucks
97.3%
Web BrowsersGoogle Chrome
93.9%
Firefox
93%
Dunkin' Donuts
92.1%
New Balance
87.7%
Sports LeaguesMajor League Baseball
85.8%
Shoe BrandsSkechers
82%
Safari
81.1%
Microsoft Edge
78.9%
Air Jordan
78.8%
The New York Times
74.5%
WNBA
73.1%
Asics
72.4%
Washington Post
66.9%
Allstate
62.3%
Category Answer % Correct
State Farm
55%
Insurance CompaniesLiberty Mutual
53.4%
NASCAR
48.9%
Premier League
46%
Travelers
37.9%
Al Jazeera
37.4%
Maxwell House
36.2%
UEFA Champions League
33.9%
Opera
33.8%
News OrganizationsReuters
31.8%
Reebok
29.9%
Farmers Insurance
29.9%
Caribou Coffee
18.8%
Peet's Coffee
16.4%
HuffPost
11.7%
Remove Ads.
Support Sporcle.
Get the best of Sporcle when you Go Orange. This ad-free experience offers more features, more stats, and more fun while also helping to support Sporcle. Thank you for becoming a member.

You're not logged in!

Compare scores with friends on all Sporcle quizzes.
OR
Log In

Show Comments

Extras

Top Quizzes Today


Score Distribution

Your Account Isn't Verified!

In order to create a playlist on Sporcle, you need to verify the email address you used during registration. Go to your Sporcle Settings to finish the process.

Report this User

Report this user for behavior that violates our Community Guidelines.

Details: